Statistics for In how many languages can you say hello/good day?

Click here to take the quiz!

General Stats

  • This quiz has been taken 105 times
  • The average score is 8 of 18

Answer Stats

LanguageHay!% Correct
English (-)Hello
100%
Goodday
77%
German (Deutsch)Hallo
75%
Spanish (Español)Hola
73%
Bonjour
62%
Italian (Italiano)Ciao
60%
Gutentag
60%
Dutch (Nederlands)Hallo
54%
French (Français)Salut
52%
Portuguese (Portugûes)Olà
50%
Buenos Dias
48%
Buongiorno
38%
Bom Dia
26%
Russian (русский)привет (Privet)
26%
Danish (Dansk)Hej
24%
Goddag
14%
Goedendag
11%
хороший день (Khoroshegodnya)
0%

Score Distribution

Percentile by Number Answered

Percent of People with Each Score

Your Score History

You have not taken this quiz